[Event "Muensterland Verbandsklasse-A 0708"]
[Site "Germany"]
[Date "2008.02.16"]
[Round "6.7"]
[White "Jacob, Barbara"]
[Black "Mehring, Franz Josef"]
[Result "1-0"]
[WhiteElo "1634"]
[BlackElo "1673"]
[PlyCount "67"]
[EventDate "2007.09.22"]
[EventType "team-tourn"]
[EventRounds "9"]
[EventCountry "GER"]
[SourceTitle "EXT 2009"]
[Source "ChessBase"]
[SourceDate "2008.11.26"]
[SourceVersion "1"]
[SourceVersionDate "2008.11.26"]
[SourceQuality "1"]
[WhiteTeam "Ochtrup"]
[BlackTeam "Ibbenbueren"]
[WhiteTeamCountry "GER"]
[BlackTeamCountry "GER"]

1. e4 c6 2. d4 d5 3. e5 Bf5 4. Nc3 e6 5. Bd3 Bxd3 6. Qxd3 Ne7 7. Nge2 Ng6 8. 0-0 Na6 9. a3 Qb6 10. f4 c5 11. Qb5+ Qxb5 12. Nxb5 cxd4 13. Nexd4 Kd7 14. Be3 h5 15. Rad1 f6 16. exf6 gxf6 17. Nxe6 Bh6 18. Bd4 Rhg8 19. f5 Ne5 20. Bxe5 fxe5 21. Rxd5+ Kc6 22. Rxe5 Bf8 23. Nxf8 Raxf8 24. Rd1 Rd8 25. Rxd8 Rxd8 26. Nc3 Rf8 27. b4 Kd6 28. Ra5 h4 29. f6 Ke6 30. Ne4 Rc8 31. c3 Rc4 32. f7 Rc8 33. Ng5+ Kf6 34. f8Q+ 1-0

[Event "Muensterland Verbandsklasse-A 0607"]
[Site "Germany"]
[Date "2007.04.21"]
[Round "8.6"]
[White "Haas, Kai Markus"]
[Black "Mehring, Franz Josef"]
[Result "1-0"]
[WhiteElo "1915"]
[BlackElo "1672"]
[PlyCount "101"]
[EventDate "2006.09.23"]
[EventType "team-tourn"]
[EventRounds "9"]
[EventCountry "GER"]
[SourceTitle "EXT 2008"]
[Source "ChessBase"]
[SourceDate "2007.11.25"]
[SourceVersion "1"]
[SourceVersionDate "2007.11.25"]
[SourceQuality "1"]
[WhiteTeam "Sendenhorst"]
[BlackTeam "Ibbenbueren"]
[WhiteTeamCountry "GER"]
[BlackTeamCountry "GER"]

1. e4 e5 2. d3 g6 3. g3 Bg7 4. Bg2 c6 5. Nf3 d5 6. Nbd2 Ne7 7. c3 dxe4 8. dxe4 Qd3 9. Bf1 Qd6 10. Qe2 Bg4 11. h3 Bxf3 12. Qxf3 Nd7 13. Nc4 Qc7 14. h4 h5 15. Bg5 f6 16. Be3 0-0-0 17. Bh3 Kb8 18. 0-0-0 Nc8 19. Be6 Ndb6 20. Nxb6 axb6 21. Qe2 Nd6 22. f3 Qe7 23. Bb3 Bh6 24. Bxh6 Rxh6 25. Qe3 Rh7 26. Qxb6 Qc7 27. Qc5 b6 28. Qe3 Kb7 29. Rd2 Rhd7 30. Rhd1 Nf7 31. Rxd7 Rxd7 32. Rxd7 Qxd7 33. Qd2 Qxd2+ 34. Kxd2 Nd6 35. Bg8 g5 36. Kd3 gxh4 37. gxh4 f5 38. Bh7 fxe4+ 39. Bxe4 Ne8 40. b4 Kc7 41. a4 Nf6 42. a5 Nd5 43. Bxd5 cxd5 44. Ke3 bxa5 45. bxa5 Kd6 46. a6 Kc7 47. f4 exf4+ 48. Kxf4 Kb6 49. Ke5 Kxa6 50. Kxd5 Kb7 51. Ke5 1-0

[Event "Muensterland Verbandsklasse-A 0607"]
[Site "Germany"]
[Date "2007.01.20"]
[Round "5.8"]
[White "Loges, Wilhelm"]
[Black "Mehring, Franz Josef"]
[Result "1-0"]
[WhiteElo "1746"]
[BlackElo "1672"]
[PlyCount "131"]
[EventDate "2006.09.23"]
[EventType "team-tourn"]
[EventRounds "9"]
[EventCountry "GER"]
[SourceTitle "EXT 2008"]
[Source "ChessBase"]
[SourceDate "2007.11.25"]
[SourceVersion "1"]
[SourceVersionDate "2007.11.25"]
[SourceQuality "1"]
[WhiteTeam "Emsdetten Turm III"]
[BlackTeam "Ibbenbueren"]
[WhiteTeamCountry "GER"]
[BlackTeamCountry "GER"]

1. e4 e5 2. Nf3 Nf6 3. Nc3 Nc6 4. d4 exd4 5. Nxd4 Be7 6. Be2 d6 7. Be3 Be6 8. Nxe6 fxe6 9. Bf3 Ne5 10. Be2 0-0 11. f4 Ng6 12. Bc4 d5 13. exd5 exd5 14. Nxd5 Kh8 15. 0-0 c6 16. Nc3 Bd6 17. g3 Qe7 18. Bf2 Bc5 19. Bd3 Rad8 20. Qd2 Ng4 21. Bxc5 Qxc5+ 22. Kh1 Rfe8 23. Rae1 Ne3 24. Rf3 Nf5 25. Rxe8+ Rxe8 26. Bxf5 Qxf5 27. Re3 Rxe3 28. Qxe3 h6 29. Qe4 Qf6 30. Kg2 Nf8 31. Qb4 Qf5 32. Ne4 Ne6 33. Qc4 Qg6 34. Nd6 Nd8 35. Nc8 b5 36. Qd3 Qf6 37. Nxa7 Qe7 38. Nc8 Qf6 39. c3 Ne6 40. Nb6 Nc5 41. Qd4 Ne6 42. Qxf6 gxf6 43. Nc8 Kg7 44. f5 Nc7 45. b4 Nd5 46. Na7 Nxc3 47. a3 Nb1 48. Nxc6 Nxa3 49. Nd4 Kf7 50. Kf3 h5 51. Ke4 Ke7 52. Kd5 Nc4 53. Kc5 Nd6 54. Nxb5 Nxf5 55. Nd4 Nd6 56. Kc6 f5 57. b5 Nxb5 58. Kxb5 Kf6 59. Ne2 Kg5 60. Kc4 h4 61. Kd4 Kg4 62. Ke3 hxg3 63. hxg3 Kg5 64. Kf3 Kg6 65. Kf4 Kf6 66. Nd4 1-0

[Event "Steinfurt Bezirksliga 0304"]
[Site "Germany"]
[Date "2003.11.22"]
[Round "2.5"]
[White "Mehring, Franz Josef"]
[Black "Richter, Michael2"]
[Result "1/2-1/2"]
[WhiteElo "1655"]
[BlackElo "1631"]
[PlyCount "49"]
[EventDate "2003.10.18"]
[EventType "team-tourn"]
[EventRounds "9"]
[EventCountry "GER"]
[SourceTitle "EXT 2005"]
[Source "ChessBase"]
[SourceDate "2004.11.15"]
[SourceVersion "1"]
[SourceVersionDate "2004.11.15"]
[SourceQuality "1"]
[WhiteTeam "Ibbenbueren II"]
[BlackTeam "Reckenfeld"]
[WhiteTeamCountry "GER"]
[BlackTeamCountry "GER"]

1. d4 Nf6 2. Nf3 e6 3. g3 d5 4. Bg2 c5 5. c3 cxd4 6. cxd4 Be7 7. Nc3 Nc6 8. 0-0 0-0 9. a3 a6 10. b4 b5 11. Bb2 Qb6 12. e3 a5 13. Ne5 axb4 14. Nxc6 Qxc6 15. axb4 Rxa1 16. Qxa1 Bxb4 17. Rc1 Qb6 18. Ba3 Bxa3 19. Qxa3 Bb7 20. Rb1 Ra8 21. Qb4 Bc6 22. Bf1 h6 23. Qd6 Ne8 24. Qb4 Nf6 25. Qd6 1/2-1/2

[Event "Steinfurt Bezirksliga 0203"]
[Site "Germany"]
[Date "2003.01.25"]
[Round "5.4"]
[White "Mehring, Franz Josef"]
[Black "Uiess, Heinz"]
[Result "1/2-1/2"]
[WhiteElo "1683"]
[BlackElo "1645"]
[PlyCount "79"]
[EventDate "2002.09.14"]
[EventType "team-tourn"]
[EventRounds "9"]
[EventCountry "GER"]
[SourceTitle "EXT 2004"]
[Source "ChessBase"]
[SourceDate "2003.11.25"]
[SourceVersion "1"]
[SourceVersionDate "2003.11.25"]
[SourceQuality "1"]
[WhiteTeam "Ibbenbueren II"]
[BlackTeam "Steinfurt II"]
[WhiteTeamCountry "GER"]
[BlackTeamCountry "GER"]

1. d4 Nf6 2. c4 e6 3. g3 d5 4. Bg2 c6 5. Nf3 Be7 6. 0-0 0-0 7. Nbd2 Nbd7 8. c5 b6 9. b4 Qc7 10. Bb2 a5 11. a3 axb4 12. axb4 Rxa1 13. Bxa1 Ba6 14. Re1 Ra8 15. Qc2 Bxe2 16. Bc3 Bxf3 17. Bxf3 b5 18. h4 Ra4 19. Qb2 Qa7 20. Ra1 Rxa1+ 21. Qxa1 Qxa1+ 22. Bxa1 Bd8 23. Be2 Nb8 24. Kg2 Na6 25. Bc3 Nd7 26. f4 f6 27. Nf1 f5 28. h5 Nf6 29. Nh2 Ne4 30. Be1 Bf6 31. Nf3 Nb8 32. Ne5 Bxe5 33. fxe5 Ng5 34. Bd2 Nf7 35. g4 g6 36. Kg3 Kg7 37. Bd3 Nh6 38. g5 Ng8 39. h6+ Kf7 40. Kf4 1/2-1/2